IPL's All-Time Highest Wicket-Takers - Statistics

General Stats
  • This quiz has been taken 38 times
    30 since last reset
  • The average score is 12 of 20
Answer Stats
Wickets Name % Correct
187 Yuzvendra Chahal
100%
183 Dwayne Bravo
93%
170 Lasith Malinga
93%
145 Jasprit Bumrah
89%
171 Ravichandran Ashwin
81%
163 Sunil Narine
81%
173 Amit Mishra
78%
152 Ravindra Jadeja
74%
179 Piyush Chawla
70%
127 Mohammad Shami
63%
170 Bhuvneshwar Kumar
56%
106 Kagiso Rabada
56%
150 Harbhajan Singh
41%
111 Harshal Patel
41%
139 Rashid Khan
37%
136 Umesh Yadav
33%
112 Axar Patel
30%
124 Sandeep Sharma
30%
119 Mohit Sharma
26%
105 Vinay Kumar
11%
No matching quizzes found
Score Distribution
Percent of People with Each Score
Percentile by Number Answered
Your Score History
You have not taken this quiz since the last reset